书目信息 |
| 题名: |
区域分析与区域规划
|
|
| 作者: | 崔功豪 编著 | |
| 分册: | ||
| 出版信息: | 北京 高等教育出版社 2018.07 |
|
| 页数: | 485页 | |
| 开本: | 20cm | |
| 丛书名: | ||
| 单 册: | ||
| 中图分类: | F127 | |
| 科图分类: | ||
| 主题词: | 经济--中国 | |
| 电子资源: | ||
| ISBN: | 978-7-04-049788-5 | |
| 000 | 00989nam0 2200217 450 | |
| 001 | 2333256381 | |
| 005 | 20230625091630.44 | |
| 010 | @a978-7-04-049788-5@dCNY63.00 | |
| 100 | @a20230625d2018 km y0chiy0120 ea | |
| 101 | 0 | @achi |
| 102 | @aCN@b110000 | |
| 200 | 1 | @a区域分析与区域规划@AQu Yu Fen Xi Yu Qu Yu Gui Hua@f崔功豪等编著@FCui Gong Hao Deng Bian Zhu |
| 205 | @a3版 | |
| 210 | @a北京@c高等教育出版社@d2018.07 | |
| 215 | @a485页@d20cm | |
| 330 | @a本书分为两大部分共十五章, 前五章为区域分析部分, 系统介绍和分析了区域发展的资源环境条件、经济社会背景、技术支持及综合评价等, 是区域规划的基础和依据。 后十章以区域规划为中心, 简述了区域规划的概念、类型、编制方法和程序, 回顾了中外区域规划的发展历程, 阐述了区域规划的理论基础, 详述了土地利用和保护、产业布局、基础设施、城镇体系、生态环境、防灾减灾等各项规划及区域管理与区域政策。 | |
| 606 | 0 | @a经济@x中国 |
| 690 | @aF127@v4 | |
| 701 | 0 | @a崔功豪@ACui Gong Hao@4编著 |
| 801 | 0 | @aCN@b河南城建学院图书馆@c20230625 |
| 905 | @dF127@eC969=3 | |
| 区域分析与区域规划/崔功豪等编著.-3版.-北京:高等教育出版社,2018.07 |
| 485页;20cm |
| ISBN 978-7-04-049788-5:CNY63.00 |
| 本书分为两大部分共十五章, 前五章为区域分析部分, 系统介绍和分析了区域发展的资源环境条件、经济社会背景、技术支持及综合评价等, 是区域规划的基础和依据。 后十章以区域规划为中心, 简述了区域规划的概念、类型、编制方法和程序, 回顾了中外区域规划的发展历程, 阐述了区域规划的理论基础, 详述了土地利用和保护、产业布局、基础设施、城镇体系、生态环境、防灾减灾等各项规划及区域管理与区域政策。 |
| ● |
| 相关链接 |
|
|
|
正题名:区域分析与区域规划
索取号:F127/C969=3
 
预约/预借
| 序号 | 登录号 | 条形码 | 馆藏地/架位号 | 状态 | 备注 |
| 1 | 1504446 | 215044468 | 社科库409/409社科库 70排1列5层/ [索取号:F127/C969=3] |
已借出,限还日期为2026.07.19 借出人:赵星岳 |